| 000 | 01272nam a2200349 i 4500 | ||
|---|---|---|---|
| 001 | 195965 | ||
| 003 | ES-MaRBCM | ||
| 005 | 20250412063057.0 | ||
| 008 | 240804s2020 sp | 000 p spa d | ||
| 015 | _aMON21 | ||
| 016 | _aa6896424 | ||
| 017 |
_aM 7455-2020, _bOficina Depósito Legal Madrid |
||
| 020 | _a9788412045932 | ||
| 035 | _aCCBIP06635316 | ||
| 040 |
_aSpMaBN _bspa _cSpMaBN _erda _dM-BRCM |
||
| 080 | _a821.134.2-14"19" | ||
| 100 |
_aSerrano, José Luis, _d1967- _9237736 _eaut |
||
| 245 | 1 | 0 |
_aOffshore y otros poemas / _cJosé Luis Serrano. |
| 250 | _aPrimera edición, junio de 2020. | ||
| 260 |
_aMadrid : _bFlores Raras, _c2020. |
||
| 300 |
_a129 páginas ; _c22 cm. |
||
| 336 |
_aTexto _2rdacontent] |
||
| 337 |
_asin mediación _2rdamedia] |
||
| 338 |
_avolumen _2rdacarrier] |
||
| 655 | 7 |
_aPoesías _2tgfbne _9176539 |
|
| 852 |
_aES-MaACL _bR.154512 _cDEPOJ _jN-9096 _gDedicatoria autógrafa del autor _hDonación: José Luis Serrano _xEncuadernación rústica con solapas _9204997 |
||
| 903 |
_9237736 _aSerrano, José Luis, _d1967- _ednr |
||
| 942 |
_cMONOGRAFIA _n0 |
||
| 999 |
_c195965 _d195965 |
||